| 000 | 00740nam a2200193 a 4500 | ||
|---|---|---|---|
| 001 | 000033833 | ||
| 005 | 20200930070545.0 | ||
| 008 | 100226s1946 sp 000 0 spa d | ||
| 040 |
_aDO-SdBNP _bspa _cBNPHU |
||
| 082 |
_axxx _bB582 |
||
| 245 | 0 | 0 |
_aHistoriadores primitivos de Indias / _ccolección dirigida e ilustrada por Don Enrique de Vedia. |
| 260 |
_aMadrid : _bEdiciones Atlas, _c1946. |
||
| 300 |
_av. ; _c26 cm. |
||
| 490 | 1 | _aBiblioteca de autores españoles, desde la formación del lenguaje hasta nuestros días | |
| 500 | _aLa biblioteca posee volumen 1 y 2 | ||
| 700 | 1 | 2 |
_aVedia, Enrique de _959249 |
| 830 | 0 |
_aBiblioteca de autores españoles, desde la formación del lenguaje hasta nuestros días _959250 |
|
| 049 | _aBNPD | ||
| 999 |
_c33324 _d33324 |
||